[Event "Brno Duras op-B"]
[Site "Brno"]
[Date "2010.??.??"]
[Round "2"]
[White "Rastiica, Pavel"]
[Black "Dumkova, Daniela"]
[Result "1/2-1/2"]
[WhiteElo "1414"]
[BlackElo "1250"]
[PlyCount "73"]
[EventDate "2010.06.27"]
[EventType "swiss"]
[EventRounds "9"]
[EventCountry "CZE"]
[SourceTitle "EXT 2011"]
[Source "ChessBase"]
[SourceDate "2010.11.26"]
[SourceVersion "1"]
[SourceVersionDate "2010.11.26"]
[SourceQuality "1"]

1. e4 e5 2. Nf3 Nc6 3. d4 exd4 4. Nxd4 Nf6 5. Nc3 Bc5 6. Be3 Bb6 7. Nxc6 bxc6 8. Bxb6 cxb6 9. e5 Qe7 10. Qd6 Qxd6 11. exd6 0-0 12. 0-0-0 Re8 13. Bd3 Bb7 14. Rhe1 Rxe1 15. Rxe1 Re8 16. Rxe8+ Nxe8 17. Bf5 Nxd6 18. Bxd7 c5 19. f3 h6 20. Nb5 Nxb5 21. Bxb5 a6 22. Bd3 g5 23. h3 a5 24. a4 Bc6 25. Bb5 Bxb5 26. axb5 Kf8 27. c4 Ke7 28. Kd2 Ke6 29. Ke3 f5 30. g3 Ke5 31. h4 Ke6 32. f4 g4 33. Kd3 h5 34. Kc3 Kd6 35. Kb3 Kc7 36. Ka4 Kb7 37. b3 1/2-1/2